000 00889nam a22002417a 4500
005 20081021101127.0
008 081021t xxu||||| |||| 00| 0 eng d
010 _aENG-84194
020 _a8175101490
020 _c275.00 (hb)
035 _aEN-67727
082 _a323.09541
100 _aNessa, Saifun
245 _aHuman rights:
_bwith special refrence to north-east India /
_cby Saifun Nessa, Monideepa Sen and Lolita M Shangpliang
260 _aNew Delhi
_bReliance Publishing House
260 _c2007
300 _axxiii,194p
_c22cm
500 _aIncludes bibliographical references
700 _aSen, Monideepa
_ced
700 _aShangpliang, Lolita M
_ced
942 _2ddc
_cEN
_h323.09541
_mHUM
999 _c17156
_d17156